Text book on civil procedure /

Λεπτομέρειες βιβλιογραφικής εγγραφής
Κύριος συγγραφέας: Halim, Md. Abdul
Μορφή: Βιβλίο
Γλώσσα:English
Έκδοση: Dhaka : C.C.B.Foundation, 2009.
Θέματα:
Classic Catalogue: View this record in Classic Catalogue
LEADER 01269nam a2200241 a 4500
001 0020130
003 BD-DhAAL
008 100420s2009 bg d 000 0 eng d
020 |a 9843235079 
040 |a BD-DhAAL  |c BD-DhAAL 
082 0 0 |a 347.05  |2 22 
100 1 |a Halim, Md. Abdul. 
245 1 0 |a Text book on civil procedure /  |c Md. Abdul Halim. 
260 |a Dhaka :  |b C.C.B.Foundation,  |c 2009. 
300 |a 526 p. ;  |c 21 cm. 
526 |a SOL  |x K. Shamsuddin Mahmood Professor and Dean School of Law BRAC University 
541 1 |e 00020131  |a Anupam Gyan Bhandar 
650 0 |a Civil procedure 
852 4 |a Ayesha Abed Library  |c General Stacks 
942 0 0 |0 3  |2 ddc  |c BK 
999 |c 8205  |d 8205 
952 |0 0  |1 0  |2 ddc  |4 0  |6 347_050000000000000_HAL  |7 0  |9 9382  |a BRACUL  |b BRACUL  |c GEN  |d 2010-04-22  |e Anupam Gyan Bhandar  |l 10  |m 70  |o 347.05 HAL  |p 3010020131  |r 2025-07-21  |s 2025-03-03  |t 2  |w 2010-04-22  |y BK  |x Requisitioned by K. Shamsuddin Mahmood, Professor and Dean, School of Law, BRAC University 
952 |0 0  |1 0  |2 ddc  |3 Need to change Author Mark  |4 0  |6 347_050000000000000_ABD_2009  |7 0  |9 9383  |a BRACUL  |b BRACUL  |c GEN  |d 2010-04-22  |e Anupam Gyan Bhandar  |l 17  |m 149  |o 347.05 ABD  |p 3010020130  |r 2026-05-06  |s 2026-03-01  |t 1  |w 2010-04-22  |y BK  |x Requisitioned by K. Shamsuddin Mahmood, Professor and Dean, School of Law, BRAC University